<?xml version="1.0" encoding="UTF-8"?>
<collection xmlns="http://www.loc.gov/MARC21/slim">
  <record>
    <leader>00000nam  2200000   4500</leader>
    <controlfield tag="001">INLIS000000000003275</controlfield>
    <controlfield tag="005">20190807090313</controlfield>
    <datafield tag="035" ind1="#" ind2="#">
      <subfield code="a">0010-0718003275</subfield>
    </datafield>
    <controlfield tag="008">190807################g##########0#ind##</controlfield>
    <datafield tag="041" ind1=" " ind2=" ">
      <subfield code="a">id</subfield>
    </datafield>
    <datafield tag="082" ind1="#" ind2="#">
      <subfield code="a">291</subfield>
    </datafield>
    <datafield tag="100" ind1=" " ind2="#">
      <subfield code="a">Muchtarom, Zaini</subfield>
    </datafield>
    <datafield tag="245" ind1="1" ind2="#">
      <subfield code="a">Ilmu Perbandingan Agama di Indonesia (Beberapa Permasalahan) /</subfield>
      <subfield code="c">Zaini Muchtarom</subfield>
    </datafield>
    <datafield tag="250" ind1="#" ind2="#">
      <subfield code="a">Ed 1</subfield>
    </datafield>
    <datafield tag="260" ind1="#" ind2="#">
      <subfield code="a">Jakarta :</subfield>
      <subfield code="b">Kemenerian Agama INIS,</subfield>
      <subfield code="c">1988</subfield>
    </datafield>
    <datafield tag="300" ind1="#" ind2="#">
      <subfield code="a">XIX, 128 hlm. ;</subfield>
      <subfield code="c">24 Cm</subfield>
    </datafield>
    <datafield tag="020" ind1="#" ind2="#">
      <subfield code="a">9798116100</subfield>
    </datafield>
    <datafield tag="084" ind1="#" ind2="#">
      <subfield code="a">291 Ilm</subfield>
    </datafield>
    <datafield tag="650" ind1="#" ind2="#">
      <subfield code="a">Ilmu perbandingan agama</subfield>
    </datafield>
    <datafield tag="520" ind1="#" ind2="#">
      <subfield code="a">Bunga rampai ini adalah buku ketujuh yang diterbitkan dalam rangkaian INIS materials yang berasal dari Kerjasama Studu Islam Indonesia-Belanda )Indonesian-Netherlands Cooperaation in Islamic Studies -INIS-) antara Direktorat Perguruan Tinggi Agama Islam, Departemen Agama, Jakarta dengan Jurusan Bahasa dan Kebudayanaan Asia Tenggara dan Oceania, diarahkan kepada distribusi publikasi-publikasi penting dalam bidang studi Islam di Indonesia.</subfield>
    </datafield>
    <datafield tag="856" ind1="#" ind2="#">
      <subfield code="a">Perpustakaan Lembaga Administrasi Negara</subfield>
    </datafield>
    <datafield tag="990" ind1="#" ind2="#">
      <subfield code="a">96111184</subfield>
    </datafield>
  </record>
</collection>
